1945 1734 1366 1125 1525 1792 1944 1182 1909 1934 1560 1512 1357 1042 1119 1356 1035 1704 1222 1216 1652 1970 1661 1762 1984 1203 1731 1889 1685 1062 1678 1869 1509 1115 1400 1478 1341 1647 1599 1570 1103 1126 1487 1922 1947 1976 1403 1338 1416 1643 1786 1868 1568 1127 1924 1751 1470 1861 1893 1129 1767 1463 1950 1081 1254 1181 1845 1166 1564 1581 1992 1514 1208 1419 1157 1940 1654 1093 1202 1969 1898 1497 1198 1155 1959 1249 1066 1412 1139 1375 1380 1220 1716 1637 1487 1375 1754 1126 1537 BCNSPRNW ULIB Ver.6.0+V

เปลี่ยนเป็นภาษาไทย

Change to English
 แสดงรายละเอียดบรรณานุกรม
  กลับหน้าหลัก

Brief Record : Get Marc (ISO 2709) : E-mail record : QR code < ปิดหน้าต่าง
LEADER : 00000nam 2200000uu 4500
001    13399127415
003     ULIB
008    200520s2562||||th 000 0 tha d
020    ู^a9786162149368
050  0 ^aนว^bพ726บ
100    ^aพิมพ์อักษรา
245    ^aบัลลังก์ภูสรวง ตอน มนตร์ดาริกา
250    ^aพิมพ์ครั้งที่ 1
260    ^aกรุงเทพฯ :^bณ บ้านวรรณกรรม,^c2562
300    ^a496 หน้า;^b21 ซม.
650    ^aนวนิยาย
945    ^p360^l0^i007089
999    ^aประนอม เกษจรัล
รายการนี้ยังไม่มีแท็ก
คุณยังไม่ได้ล็อกอิน คุณสามารถมีกิจกรรมร่วมกับเว็บไซต์ได้ แต่ต้องล็อกอินก่อน ::
  ล็อกอิน

รายการสื่อสารสนเทศ

ลำดับที่ ประเภท เลขเรียก/บาร์โค้ด สถานที่ สถานะ
1. นวนิยาย
นวนิยาย
นว พ726บ ฉ.1 
  Barcode: 007089
ห้องสมุดวิทยาเขตสวรรค์ประชารักษ์
►หนังสือทั่วไป
บนชั้น

รายการใกล้เคียง
    ชื่อเรื่อง [บัลลังก์ภูสรวง ตอน มนตร์ดาริกา]

    ผู้แต่ง [พิมพ์อักษรา]

    หัวเรื่อง [นวนิยาย]

BibComment


ยังไม่เคยถูกคอมเมนท์

คอมเมนท์ทรัพยากรรายการนี้
  คอมเมนท์: บัลลังก์ภูสรวง ต..


 Copyright 2026. Bcnsprnw @Library